Economic foundations of strategy

Bibliographic Details
Main Author: Mahoney, Joseph T.
Corporate Author: ProQuest (Firm)
Format: Electronic eBook
Language:English
Published: Thousand Oaks, CA : Sage, c2005.
Series:Foundations for organizational science.
Subjects:
Online Access:Click to View
LEADER 01495nam a2200409Ia 4500
001 EBC996512
003 MiAaPQ
005 20200520144314.0
006 m o d |
007 cr cn|||||||||
008 040309s2005 cau sb 001 0 eng d
010 |z  2004005692 
020 |z 1412905427 (cloth : acid-free paper) 
020 |z 1412905435 (pbk. : acid-free paper) 
020 |z 9781412905435 
020 |z 9781452263120 
035 |a (MiAaPQ)EBC996512 
035 |a (Au-PeEL)EBL996512 
035 |a (CaPaEBR)ebr10582419 
035 |a (CaONFJC)MIL672852 
035 |a (OCoLC)809772062 
040 |a MiAaPQ  |c MiAaPQ  |d MiAaPQ 
050 4 |a HD30.22  |b .M335 2005 
082 0 4 |a 338.6/01  |2 22 
100 1 |a Mahoney, Joseph T. 
245 1 0 |a Economic foundations of strategy  |h [electronic resource] /  |c Joseph T. Mahoney. 
260 |a Thousand Oaks, CA :  |b Sage,  |c c2005. 
300 |a xiv, 253 p. 
490 1 |a Foundations for organizational science 
504 |a Includes bibliographical references (p. 225-238) and index. 
533 |a Electronic reproduction. Ann Arbor, MI : ProQuest, 2015. Available via World Wide Web. Access may be limited to ProQuest affiliated libraries. 
650 0 |a Managerial economics. 
650 0 |a Managerial economics  |v Case studies. 
655 4 |a Electronic books. 
710 2 |a ProQuest (Firm) 
830 0 |a Foundations for organizational science. 
856 4 0 |u https://ebookcentral.proquest.com/lib/matrademy/detail.action?docID=996512  |z Click to View